000 00248nam a2200097Ia 4500
001 795435
005 20250826170728.0
008 250824s9999 xx 000 0 und d
245 0 _aESRARENGİZ SANIK
_cAGATHA CHRISTIE
260 _bALTIN KİTAP YAYINLARI
999 _c795435
_d795435